|
|
|
|
| LEADER |
00000nab#a22000007a#4500 |
| 001 |
arbauad043900 |
| 003 |
AR-BaUAD |
| 005 |
20250711113412.0 |
| 008 |
000508|||||||||###||||||b###|0###a|spa|| |
| 040 |
|
|
|a AR-BaUAD
|c AR-BaUAD
|b spa
|
| 245 |
1 |
0 |
|a Colour printer comparison
|
| 300 |
0 |
|
|b fot.
|
| 500 |
|
|
|a Comparación entre distintas marcas de impresoras.
|
| 653 |
|
|
|a DISEÑO GRAFICO
|
| 653 |
|
|
|a IMPRESORAS
|
| 653 |
|
|
|a IMPRESION
|
| 653 |
|
|
|a COLOR
|
| 653 |
|
|
|a BROTHER
|
| 653 |
|
|
|a CANON
|
| 653 |
|
|
|a EPSON
|
| 653 |
|
|
|a HEWLETT PACKARD
|
| 653 |
|
|
|a IMATION
|
| 653 |
|
|
|a LEXMARK
|
| 653 |
|
|
|a QMS
|
| 653 |
|
|
|a RICOH
|
| 653 |
|
|
|a TEKTRONIX PHASER
|
| 773 |
0 |
|
|t DESIGN GRAPHICS
|g Nº53 [dic. 1999], p. 42-51
|
| 942 |
|
|
|c ARTI
|
| 952 |
|
|
|0 0
|1 0
|4 0
|7 0
|9 88819
|a AR-BAuAD
|b AR-BAuAD
|d 2025-07-11
|l 0
|p AAQA043900
|r 2025-07-11 11:34:12
|w 2025-07-11
|y ARTI
|
| 990 |
|
|
|a DG199
|b TD
|
| 998 |
|
|
|a AAQ
|b BIBUN76
|
| 999 |
|
|
|c 68492
|d 68492
|